El Mercat interior a la Comunitat Europea : la indústria catalana davant el repte de la lliure circulació de mercaderies i de la responsabilitat del fabricant / la indústria catalana davant el repte de la lliure circulació de mercaderies i de la responsabilitat del fabricant /
MARC
| LEADER | 00000nam a2200000Ia 4500 | ||
|---|---|---|---|
| 001 | 7578 | ||
| 008 | 160829s1987 xx 000 0 cat d | ||
| 080 | |a C-1-339 | ||
| 100 | |a Puig i Raposo, Miquel |9 19635 | ||
| 245 | |a El Mercat interior a la Comunitat Europea : |b la indústria catalana davant el repte de la lliure circulació de mercaderies i de la responsabilitat del fabricant / |c Miquel Puig i Raposo, Vicenç Franch i Casabó, Albert Roig i Juan | ||
| 260 | |a Barcelona : |b Generalitat de Catalunya, Direcció General de Seguretat i Qualitat Industrial, |c 1987 | ||
| 300 | |a 70 p. ; |c 21 cm | ||
| 650 | |a Comunitat Econòmica Europea, Països de la |x Comerç |9 19636 | ||
| 650 | |a Catalunya |x Política comercial |9 19637 | ||
| 700 | |a Franch i Casabó, Vicenç |9 19638 | ||
| 700 | |a Roig i Juan, Albert |9 19639 | ||
| 700 | |a Catalunya. Direcció General de Seguretat i Qualitat Industrial |9 19640 | ||
| 901 | |a Arxiu | ||
| 942 | |n 1 | ||
| 952 | |0 0 |1 0 |4 0 |6 C1339 |7 1 |9 41291 |a Arxiu |b Arxiu |d 2016-12-01 |l 0 |o C-1-339 |p 7578 |r 2016-12-01 00:00:00 |w 2016-12-01 |y ARXIU | ||
| 999 | |c 43074 |d 43074 | ||